01082nam a2200253Ia 450000500170000000800410001702000180005804000180007604100080009408200210010210000290012324500670015225000120021926000350023130000150026665000430028165000260032465000470035065000460039794200300044399900190047395201680049295201680066020230706155403.0210716s2014 xx 000 0 und d a9788131212592 cAIMIT LIBRARY aeng a004.65 23bMCCJ aMcCabe, James D.9125826 aNetwork analysis architecture and design /cBy James D McCabe. a3rd ed. aNew Delhi :bElsevier ,c2014. axx,473p. ; aRequirements analysis :process9125827 aFlow analysis9125828 aAdressing and routing architecture9125829 aSecurity and privacy architecture9125830 2ddccBKe3rdk004.65 MCCJ c193976d193976 00102ddc40708MCAaAIMITbAIMITeKnowledge Worldg450.00iBill no:173; Bill dt:2014-07-12l0o004.65 MCCJpMCA13484r2025-07-21 00:00:00v337.50w2021-07-16yBK 00102ddc40708MCAaAIMITbAIMITeKnowledge Worldg450.00iBill no:445; Bill dt:2015-03-20l0o004.65 MCCJpMCA14126r2025-07-21 00:00:00v337.50w2021-07-16yBK